| 000 | 00609nam a22002057a 4500 | ||
|---|---|---|---|
| 999 |
_c5009 _d5009 |
||
| 001 | 11395 | ||
| 003 | BD-DhUAP | ||
| 005 | 20201129145954.0 | ||
| 008 | 201126s2008 si a|||| |||| 001 0 eng d | ||
| 040 |
_aBD-DhUAP _bEng _cBD-DhUAP _dBD-DhUAP |
||
| 082 |
_223 _a615.1 MIM |
||
| 245 |
_aMIMS : _bBangladesh index of medical specialties / _cedited by Nurul Islam ... [et al.]. |
||
| 250 | _a19th ed. | ||
| 260 |
_aDhaka, Bangladesh : _bPharmaMedica, _cc2008. |
||
| 300 |
_a448 pages : _billustrations ; _c21 cm. |
||
| 500 | _aIncludes index. | ||
| 650 | _aDrugs. | ||
| 700 | _aIslam, Nurul. | ||
| 942 |
_2ddc _cBK |
||